| 000 | 00498nam a2200181Ia 4500 | ||
|---|---|---|---|
| 008 | 230917s9999||||xx |||||||||||||| ||und|| | ||
| 020 | _cGBP39.99 | ||
| 040 |
_e243420 _aMAIN |
||
| 041 | _aEnglish | ||
| 082 | _a338.4791 E35M(2) | ||
| 100 | _aEdgell, David L | ||
| 245 | 0 | _aManaging sustainable tourism: A legacy for the future | |
| 250 | _a2nd ed. | ||
| 260 |
_aLondon _bRoutledge _c2016 |
||
| 300 | _axii, 251 p. | ||
| 500 | _a2933 20/11/2017 RBP17/67942 28/11/2017 IHTM (SFS) | ||
| 942 | _cBK | ||
| 999 |
_c24596 _d24596 |
||